Τηλέμαχος Κάνθος : η ζωή κι ο κόσμος του, αυτοβιογραφικά σημειώματα και σχέδια

Saved in:
Bibliographic Details
Other Authors: Κάνθου, Ελένη (edtf)
Format: Book
Language:Greek
Published: [Λευκωσία] : [Ίδρυμα Λεβέντη], [c1996]
Subjects:
Tags: Add Tag
No Tags, Be the first to tag this record!

MARC

LEADER 00000cam a2200000 i 4500
001 1/47543
008 070705s1996 gr | ||| |||| ||gre||
020 |a 9963813208 
035 |l 10088671 
040 |a GR-MyUa  |b gre  |e AACR2 
041 0 |a gre 
082 7 |a 759.5693   |2 (22) 
245 0 0 |a Τηλέμαχος Κάνθος :   |b η ζωή κι ο κόσμος του, αυτοβιογραφικά σημειώματα και σχέδια /   |c [Ελένη Κάνθου, επιμέλεια κειμένων]. 
260 |a [Λευκωσία] :   |b [Ίδρυμα Λεβέντη],   |c [c1996] 
300 |a 190 σ. :   |b εικ. ;   |c 24 εκ. 
600 1 0 |a Κάνθος, Τηλέμαχος,   |d 1910-1993. 
650 0 0 |a Painting  |z Cyprus. 
650 0 |a Painting, Cypriot  |y 20th century. 
700 1 |a Κάνθου, Ελένη,  |e edtf 
852 |a INST  |b RHODES  |e 20070705  |h 759.5693 ΤΗΛ  |p 005400026413  |q 005400026413  |t BK  |y 0 
901 |a BIBL4-2007-2 
970 |a ΧΑΡΙΟΠΟΛΙΤΟΥ  |b ΚΩΝΣΤΑΝΤΙΝΑ  |z 2007/07/05